00645nam a2200229 a 4500001001300000003000900013005001700022008004100039020001000080082001400090100002100104245001200125260004900137300000800186500003500194650002000229700002100249902000800270942000700278952011500285999001500400nice12345678IN_TiNIC20260116012643.0080125s0000 hyda grp 000 0 urd  ac10000a954bALI1 aAli, Syed Rahmat aKashmir aHyderabad bNationalist Kashmir Front c0000 a40p aincludes index and biblioraphy aKashmir-History1 aAli, Syed Rahmat bSRS cBK 001040708StackRoom-aHMIbHMId2008-01-25g100.00l0o954 ALI1p013801r2008-01-25v100.00w2008-01-25yBK c7818d7818